<?xml version="1.0" encoding="UTF-8"?><?xml-stylesheet type="text/xsl" href="static/style.xsl"?><OAI-PMH xmlns="http://www.openarchives.org/OAI/2.0/" xmlns:xsi="http://www.w3.org/2001/XMLSchema-instance" xsi:schemaLocation="http://www.openarchives.org/OAI/2.0/ http://www.openarchives.org/OAI/2.0/OAI-PMH.xsd"><responseDate>2026-04-17T13:54:19Z</responseDate><request verb="GetRecord" identifier="oai:www.recercat.cat:10230/46653" metadataPrefix="marc">https://recercat.cat/oai/request</request><GetRecord><record><header><identifier>oai:recercat.cat:10230/46653</identifier><datestamp>2025-12-20T16:51:48Z</datestamp><setSpec>com_2072_6</setSpec><setSpec>col_2072_452952</setSpec></header><metadata><record xmlns="http://www.loc.gov/MARC21/slim" xmlns:dcterms="http://purl.org/dc/terms/" xmlns:xsi="http://www.w3.org/2001/XMLSchema-instance" xmlns:doc="http://www.lyncode.com/xoai" xsi:schemaLocation="http://www.loc.gov/MARC21/slim http://www.loc.gov/standards/marcxml/schema/MARC21slim.xsd">
   <leader>00925njm 22002777a 4500</leader>
   <datafield ind2=" " ind1=" " tag="042">
      <subfield code="a">dc</subfield>
   </datafield>
   <datafield ind2=" " ind1=" " tag="720">
      <subfield code="a">Gómez Cañón, Juan Sebastián</subfield>
      <subfield code="e">author</subfield>
   </datafield>
   <datafield ind2=" " ind1=" " tag="720">
      <subfield code="a">Herrera Boyer, Perfecto, 1964-</subfield>
      <subfield code="e">author</subfield>
   </datafield>
   <datafield ind2=" " ind1=" " tag="720">
      <subfield code="a">Gómez Gutiérrez, Emilia, 1975-</subfield>
      <subfield code="e">author</subfield>
   </datafield>
   <datafield ind2=" " ind1=" " tag="720">
      <subfield code="a">Cano, Estefanía</subfield>
      <subfield code="e">author</subfield>
   </datafield>
   <datafield ind2=" " ind1=" " tag="260">
      <subfield code="c">2021-03-03T09:23:22Z</subfield>
   </datafield>
   <datafield ind2=" " ind1=" " tag="260">
      <subfield code="c">2021-03-03T09:23:22Z</subfield>
   </datafield>
   <datafield ind2=" " ind1=" " tag="260">
      <subfield code="c">2019</subfield>
   </datafield>
   <datafield ind2=" " ind1=" " tag="520">
      <subfield code="a">Comunicació presentada a: Workshop-Symposium on Research Methods in Music and Emotion celebrat el 14 de setembre de 2019 a Durham, Regne Unit.</subfield>
   </datafield>
   <datafield ind2=" " ind1=" " tag="520">
      <subfield code="a">In the present study, we address the relationship between&#xd;
the emotions perceived in pop and rock music (mainly&#xd;
in Euro-American styles with English lyrics) and the language&#xd;
spoken by the listener. Our goal is to understand&#xd;
the influence of lyrics comprehension on the perception of&#xd;
emotions and use this information to improve Music Emotion&#xd;
Recognition (MER) models. Two main research questions&#xd;
are addressed:&#xd;
1. Are there differences and similarities between the&#xd;
emotions perceived in pop/rock music by listeners&#xd;
raised with different mother tongues?&#xd;
2. Do personal characteristics have an influence on&#xd;
the perceived emotions for listeners of a given language?&#xd;
Personal characteristics include the listeners’ general&#xd;
demographics, familiarity and preference for the fragments,&#xd;
and music sophistication [14]. Our hypothesis is&#xd;
that inter-rater agreement (as defined by Krippendorff’s alpha&#xd;
coefficient) from subjects is directly influenced by the&#xd;
comprehension of lyrics.</subfield>
   </datafield>
   <datafield ind2="0" ind1="0" tag="245">
      <subfield code="a">The Emotions that we perceive in music: the influence of language and lyrics comprehension on agreement</subfield>
   </datafield>
</record></metadata></record></GetRecord></OAI-PMH>